000 00769nam a2200241 i 4500
001 C2-0244353
003 PPAK
005 20180727205630.0
008 021126s xx a|||| ||||| | may d
040 _aPPAK
_beng
_cPPAK
_erda
082 0 4 _a959.5112
_223
090 0 0 _a959.5112
_bAWA
_dKK
100 0 _aAwang Had Salleh,
_eauthor
245 1 0 _aAlor Setar :
_bdalam nostalgia warna senja
264 1 _a[place of publication not identified] :
_b[publisher not identified] ,
_c[date of publication not identified]
300 _a4 pages :
_billustrations ;
_c30 cm
336 _2rdacontent
_atext
337 _2rdamedia
_aunmediated
338 _2rdacarrier
_avolume
500 _aMajalah Dewan Budaya September 2001
650 1 0 _aKedah - History.
942 _ddc
_cB
999 _c58578
_d58578